Statistics for Top 20 Players ever to put on a Cavs jersey

Click here to take the quiz!

General Stats

  • This quiz has been taken 45 times
  • The average score is 7 of 20

Answer Stats

RankPlayer% Correct
1LeBron James
100%
6Kyrie Irving
90%
7Kevin Love
83%
15Mark Price
73%
2Shaquille O'Neal
63%
20Donovan Mitchell
57%
19Brad Daugherty
53%
18Larry Nance
47%
3Dwyane Wade
40%
10Derrick Rose
37%
9Shawn Kemp
27%
17Deron Williams
23%
13Isaiah Thomas
17%
12Baron Davis
10%
14Shawn Marion
10%
5Nate Thurmond
7%
16Lenny Wilkens
3%
4Walt Frazier
3%
8Ben Wallace
0%
11Kevin Johnson
0%

Score Distribution

Percentile by Number Answered

Percent of People with Each Score

Your Score History

You have not taken this quiz